The early church /

محفوظ في:

المؤلف الرئيسي: Chadwick, Henry, 1920-2008 (مؤلف)

التنسيق: كتاب

اللغة: English

منشور في: London : Penguin Books, 1993.

الطبعة: Rev. ed.

سلاسل: Penguin history of the church ; 1.

الموضوعات:

الوسوم: إضافة وسم

لا توجد وسوم, كن أول من يضع وسما على هذه التسجيلة!

رقم الطلب: BR165 .C48 1993

LEADER 00787nam a2200265Ia 4500
001 4242
003 OSt
005 20251008073826.0
008 130303s1993 enk b 001 0 eng d
020 |a 0140231994 
035 |a ocm30847599 
040 |c ARCE Library 
050 4 |a BR165 .C48 1993 
100 1 |a Chadwick, Henry,  |d 1920-2008,  |e author 
245 1 4 |a The early church /  |c Henry Chadwick. 
250 |a Rev. ed. 
264 1 |a London :   |b Penguin Books,  |c 1993. 
300 |a 314 pages ;   |c 19 cm. 
490 1 |a Penguin history of the church ;  |v 1. 
504 |a Includes bibliographical references and index. 
650 0 |a Church history  |y Primitive and early church, ca. 30-600. 
830 0 |a Penguin history of the church ;   |v 1. 
901 |a reviewed 
942 |c BK  |2 lcc 
999 |c 834  |d 834